00721nam a22002177a 4500003000500000005001700005008004100022010001100063011001100074020001500085035001100100040000900111082002200120245013400142260009900276300002400375650002500399650002200424700002600446700003100472CHAP20220329143731.0110429s1992 th a r 00010 eng d a101086 a102058 a9745874981 a112746 cCHAP04a615.32109593bT3200aThai medicinal plants :brecommended for primary health care systemc/editado por Norman R. Farnsworth, Nuntavan Bunyapraphatsara aBangkok :bMedicinal Plants Information Center, Faculty of Pharmacy, Mahidol University,c1992 alX, 402 p. :bilus.14aBotánica médica.14aMateria médica.0 aFarnsworth, Norman R.1 aBunyapraphatsara, Nuntavan